000 00573nam a2200229Ia 4500
003 OSt
005 20220918212110.0
006 a|||||r|||| 00| 0
007 ta
008 220917b |||||||| |||| 00| 0 eng d
024 _a127,246
037 _cTextual
040 _aARTS
_cARTS
_beng
041 _2eng
_aeng
082 _aX, K83
100 _aCulbertson John M
_9122485
245 0 _aMacroeconomic theory and stabilization policy
260 _c1968
650 _aECONOMICS
942 _hX, K83
_cTEXL
_2CC
999 _c250388
_d250388